| 000 | 00539nam a2200193 a 4500 | ||
|---|---|---|---|
| 005 | 20210219153406.0 | ||
| 008 | 991125n 000 0 u | ||
| 035 | _aUPN01000096380 | ||
| 100 | _aMyers Zawacki, Terry | ||
| 222 | _aCOLLEGE COMPOSITION AND COMMUNICATION | ||
| 245 | _aRecomposing as a woman : an essay in different voices | ||
| 300 | _a32-38 | ||
| 362 | _a43, No. 1, 1992 | ||
| 505 | _aMayo 1992 | ||
| 653 | 0 | _aESCRITURA (COMPOSICION) | |
| 653 | 0 | _aPROCESOS DE ESCRITURA | |
| 904 |
_aAC _b034191 |
||
| 905 | _aArticulo | ||
| 999 |
_c75734 _d75734 |
||